Projektentwicklung von Immobilien : (Record no. 121618)

MARC details
000 -LEADER
fixed length control field 01850nam a22003373i 4500
001 - CONTROL NUMBER
control field BDZ0049720126
003 - CONTROL NUMBER IDENTIFIER
control field StDuBDS
005 - DATE AND TIME OF LATEST TRANSACTION
control field 20230721110954.0
007 - PHYSICAL DESCRIPTION FIXED FIELD--GENERAL INFORMATION
fixed length control field cr||||||||||||
008 - FIXED-LENGTH DATA ELEMENTS--GENERAL INFORMATION
fixed length control field 211111s2021 enk go 000|0|ger d
020 ## - INTERNATIONAL STANDARD BOOK NUMBER
International Standard Book Number 9783658358761 :
Terms of availability 3.99
040 ## - CATALOGING SOURCE
Original cataloging agency StDuBDS
Language of cataloging eng
Description conventions rda
Transcribing agency StDuBDS
072 #7 - SUBJECT CATEGORY CODE
Subject category code KFFR
Source bicssc
072 #7 - SUBJECT CATEGORY CODE
Subject category code FIN
Source ukslc
072 #7 - SUBJECT CATEGORY CODE
Subject category code KFFR
Source thema
100 1# - MAIN ENTRY--PERSONAL NAME
Personal name Gerd Niklas, Koster,
Relator term author.
245 10 - TITLE STATEMENT
Title Projektentwicklung von Immobilien :
Remainder of title Grundlagenwissen und Handlungsempfehlungen /
Statement of responsibility, etc. Koster Gerd Niklas.
264 #1 - PRODUCTION, PUBLICATION, DISTRIBUTION, MANUFACTURE, AND COPYRIGHT NOTICE
Name of producer, publisher, distributor, manufacturer Springer Fachmedien Wiesbaden,
Date of production, publication, distribution, manufacture, or copyright notice 2021.
300 ## - PHYSICAL DESCRIPTION
Extent 1 online resource
336 ## - CONTENT TYPE
Content type term text
Source rdacontent
337 ## - MEDIA TYPE
Media type term unmediated
Source rdamedia
338 ## - CARRIER TYPE
Carrier type term volume
Source rdacarrier
366 ## - TRADE AVAILABILITY INFORMATION
Detailed date of publication 20211028
Availability status code Available
520 8# - SUMMARY, ETC.
Summary, etc. Diesesessentialvermittelt den Projektentwicklungsprozess von Immobilien. Damit verhilft es seinem Leser zu einem erfolgreichen Einstieg in das Themengebiet der Immobilien-Projektentwicklung. Um dies zu gewahrleisten, werden die wesentlichen Risiko- und Erfolgsfaktoren einer Projektentwicklung praxisnah erlautert. Der Leser erhalt so eine vollumfangliche Hilfestellung zur Steuerung von Projektentwicklungsprozessen, vom Grundstucksankauf bis hin zur Projektvermarktung. Hierfur stellt dasessentialeine Vielzahl von Checklisten und Fallbeispielen zur Verfugung.Gleichzeitig liefert es eine Handlungsempfehlung fur die eigenstandige Umsetzung von Bauprojekten. Damit uberbringt es seinem Leser bedeutsames Spezialwissen zur erfolgreichen Projektentwicklung von Immobilien.
650 #7 - SUBJECT ADDED ENTRY--TOPICAL TERM
Topical term or geographic name entry element ACCOUNTING
650 #7 - SUBJECT ADDED ENTRY--TOPICAL TERM
Topical term or geographic name entry element EBOOK
650 #7 - SUBJECT ADDED ENTRY--TOPICAL TERM
Topical term or geographic name entry element REAL ESTATE
662 ## - SUBJECT ADDED ENTRY--HIERARCHICAL PLACE NAME
Country or larger entity GERMANY
856 40 - ELECTRONIC LOCATION AND ACCESS
Uniform Resource Identifier <a href="https://www.vlebooks.com/product/openreader?id=RICS&accId=9491556&isbn=9783658358761">https://www.vlebooks.com/product/openreader?id=RICS&accId=9491556&isbn=9783658358761</a>
Public note View on VLEbooks. Logins for members only from [email protected]
942 ## - ADDED ENTRY ELEMENTS (KOHA)
Source of classification or shelving scheme Dewey Decimal Classification
Holdings
Withdrawn status Lost status Source of classification or shelving scheme Damaged status Not for loan Home library Current library Shelving location Date acquired Total Checkouts Full call number Date last seen Price effective from Koha item type
    Dewey Decimal Classification     Virtual Virtual Online 21/07/2023   EBOOK 21/07/2023 21/07/2023 Book